00505nam a2200181Ia 4500999001700000003000400017005001700021008004100038020001800079040001800097082001900115100003200134245004600166260004800212300000900260650001000269942004400279 c16492d16492OSt20200606115926.0190216s9999||||xx |||||||||||||| ||und|| a9788180312007 cMESKC library a891.433bDVI/A aDwivedi, Hajariprasad 9379 0a Ashokh Ke Phool /cHajariprasad Dwivedi bLok Bharathi Prakashan, c2007.aAllahabad: a176p aHindi cBK2ddch891.433iDVI/Ak891.433mDVI/A